000 004530000a22001690004500
003 MACL
005 20151222132035.0
008 151222b xxu||||| |||| 00| 0 eng d
040 _aMACL
_cMACL
041 _aEnglish
082 _a695/SUT
100 _aSutcliffe, G Lister
_921615
245 _aThe Modern Plumber and Sanitary Engineer
_bVol V
260 _bThe Gresham Publishing Company
650 _aRoof Covering
_921616
942 _cBK
_k695/SUT
_2ddc
999 _c39628
_d39628